The church in history / (Record no. 8818)

MARC details
000 -LEADER
fixed length control field 01015cam a2200289I 4500
001 - CONTROL NUMBER
control field 1012029
003 - CONTROL NUMBER IDENTIFIER
control field OCoLC
005 - DATE AND TIME OF LATEST TRANSACTION
control field 20241126110659.0
008 - FIXED-LENGTH DATA ELEMENTS--GENERAL INFORMATION
fixed length control field 740917t19641951miuabchj 000 0 eng d
010 ## -
-- 65004954
035 ## - SYSTEM CONTROL NUMBER
System control number (OCoLC)1012029
040 ## - CATALOGING SOURCE
Original cataloging agency WSU
Language of cataloging eng
Transcribing agency WSU
Modifying agency OCL
-- KSB
-- OCL
-- OCLCQ
-- OCLCG
-- WY@
-- OCLCQ
-- OCLCF
-- OCLCQ
-- CIRBC
050 #0 -
-- BR151
-- .K8 1964
082 04 - DEWEY DECIMAL CLASSIFICATION NUMBER
Classification number 270
Item number KUI
Edition information 21
092 0# - LOCALLY ASSIGNED DEWEY CALL NUMBER (OCLC)
Classification number 270
Item number K9622
100 1# - MAIN ENTRY--PERSONAL NAME
Personal name Kuiper, B. K.
Fuller form of name (Barend Klaas),
Dates associated with a name 1877-1961.
9 (RLIN) 15510
245 14 - TITLE STATEMENT
Title The church in history /
Statement of responsibility, etc. by B.K. Kuiper.
250 ## - EDITION STATEMENT
Edition statement [Rev. ed.].
260 ## - PUBLICATION, DISTRIBUTION, ETC.
Place of publication, distribution, etc. Grand Rapids, Mich. :
Name of publisher, distributor, etc. National Union of Christian Schools,
Date of publication, distribution, etc. [1964, ℗♭1951]
300 ## - PHYSICAL DESCRIPTION
Extent 412 pages :
Other physical details illustrations, facsimiles, color maps, portraits ;
Dimensions 24 cm
336 ## - CONTENT TYPE
Content type term text
Content type code txt
Source rdacontent
337 ## - MEDIA TYPE
Media type term unmediated
Media type code n
Source rdamedia
338 ## - CARRIER TYPE
Carrier type term volume
Carrier type code nc
Source rdacarrier
650 #0 - SUBJECT ADDED ENTRY--TOPICAL TERM
Topical term or geographic name entry element Church history
Form subdivision Juvenile literature.
9 (RLIN) 15511
655 #7 - INDEX TERM--GENRE/FORM
Genre/form data or focus term Juvenile works.
Source of term fast
Authority record control number or standard number (OCoLC)fst01411637
9 (RLIN) 15512
942 ## - ADDED ENTRY ELEMENTS (KOHA)
Source of classification or shelving scheme Dewey Decimal Classification
Koha item type Books
Koha issues (borrowed), all copies 5
Holdings
Withdrawn status Lost status Source of classification or shelving scheme Damaged status Not for loan Home library Current Library Shelving location Date acquired Total checkouts Total renewals Full call number Barcode Date last seen Date last checked out Copy number Price effective from Koha item type
    Dewey Decimal Classification     GRACE BIBLE COLLEGE GRACE BIBLE COLLEGE Church History 2021-11-04 10 1 270 KUI 015272 2026-03-18 2026-03-05 c.1 2021-11-04 Books
© Grace Bible College Library 2025